000 00300nam a22001337a 4500
008 170914b xxu||||| |||| 00| 0 eng d
020 _a0393950883
041 _aeng
080 _a7
100 _a44
101 _aART
245 _aPERSPECTIVES ON AMERICAN FOLK ART
_cQUIMBLY, M.G
942 _2udc
_cBK
999 _c27487
_d27487